[Event "Velika Gorica op 5th"]
[Site "Velika Gorica"]
[Date "2005.08.25"]
[Round "7"]
[White "Grabar, Bozidar"]
[Black "Belani, Marijan"]
[Result "1/2-1/2"]
[WhiteElo "2090"]
[BlackElo "2199"]
[PlyCount "54"]
[EventDate "2005.08.20"]
[EventType "swiss"]
[EventRounds "9"]
[EventCountry "CRO"]
[SourceTitle "CBM 108 Extra"]
[Source "ChessBase"]
[SourceDate "2005.11.04"]
[SourceVersion "1"]
[SourceVersionDate "2005.11.04"]
[SourceQuality "1"]

1. d4 Nf6 2. f4 c5 3. e3 e6 4. Nf3 b6 5. c3 Bb7 6. Bd3 Be7 7. 0-0 d6 8. Nbd2 cxd4 9. exd4 Nbd7 10. Qe2 Qc7 11. Ne4 0-0 12. Bd2 Rfe8 13. Nfg5 h6 14. Nxf6+ Nxf6 15. Ne4 a6 16. Rae1 Nxe4 17. Bxe4 Bxe4 18. Qxe4 Bf6 19. g4 Qe7 20. Qg2 g6 21. Re2 Qd7 22. f5 exf5 23. Rxe8+ Rxe8 24. gxf5 Kg7 25. fxg6 fxg6 26. Bxh6+ Kxh6 27. Rxf6 Re1+ 1/2-1/2

[Event "Velika Gorica op 5th"]
[Site "Velika Gorica"]
[Date "2005.08.20"]
[Round "1"]
[White "Grabar, Bozidar"]
[Black "Bukal, Vladimir Sr"]
[Result "0-1"]
[WhiteElo "2090"]
[BlackElo "2416"]
[PlyCount "48"]
[EventDate "2005.08.20"]
[EventType "swiss"]
[EventRounds "9"]
[EventCountry "CRO"]
[SourceTitle "CBM 108 Extra"]
[Source "ChessBase"]
[SourceDate "2005.11.04"]
[SourceVersion "1"]
[SourceVersionDate "2005.11.04"]
[SourceQuality "1"]

1. d4 c5 2. e3 g6 3. f4 cxd4 4. exd4 Bg7 5. c3 Nf6 6. Nf3 0-0 7. Bd3 d6 8. 0-0 Nc6 9. Na3 e5 10. fxe5 dxe5 11. dxe5 Ng4 12. Qe2 Ncxe5 13. Nxe5 Nxe5 14. Bc4 Bf5 15. Be3 Nxc4 16. Qxc4 Bd3 17. Rfd1 Bxc4 18. Rxd8 Rfxd8 19. Nxc4 b5 20. Na5 Rd3 21. Bf2 Rd2 22. Rb1 Rad8 23. Bd4 Bxd4+ 24. cxd4 R8xd4 0-1

[Event "Velika Gorica op 3rd"]
[Site "Velika Gorica"]
[Date "2003.??.??"]
[Round "4"]
[White "Mihalinec, Damir"]
[Black "Grabar, Bozidar"]
[Result "1-0"]
[WhiteElo "2208"]
[BlackElo "2086"]
[PlyCount "91"]
[EventDate "2003.08.??"]
[EventType "swiss"]
[EventRounds "9"]
[EventCountry "CRO"]
[SourceTitle "EXT 2005"]
[Source "ChessBase"]
[SourceDate "2004.11.15"]
[SourceVersion "1"]
[SourceVersionDate "2004.11.15"]
[SourceQuality "1"]

1. e4 e5 2. Nf3 d6 3. Bc4 c5 4. 0-0 Be7 5. h3 Nf6 6. Re1 0-0 7. d3 h6 8. c3 Nc6 9. a4 Nh7 10. Nbd2 Kh8 11. Nf1 Ng5 12. Bxg5 Bxg5 13. d4 cxd4 14. cxd4 Bf6 15. d5 Na5 16. Ba2 b6 17. Rc1 Bd7 18. Re3 Rc8 19. Rec3 Rxc3 20. Rxc3 Qb8 21. Ne3 Rc8 22. Ra3 g6 23. Qd2 Kg7 24. g4 Qc7 25. Kg2 Qc1 26. Qe2 Qc7 27. b4 Nb7 28. h4 Be7 29. h5 Qb8 30. Nd2 Bg5 31. Ndf1 Rc7 32. Ng3 Qc8 33. Bb1 Bxe3 34. Qxe3 Bxg4 35. f4 exf4 36. Qxf4 g5 37. Qf2 f6 38. Re3 Nd8 39. a5 Nf7 40. axb6 axb6 41. Ra3 Rc1 42. Bd3 Rc3 43. Ba6 Rc2 44. Bxc8 Rxf2+ 45. Kxf2 Bxc8 46. Ra8 1-0